Angustia y culpa (Record no. 175193)

MARC details
000 -LEADER
campo de control de longitud fija 00863nam a22002535i 4500
001 - NÚMERO DE CONTROL
campo de control 175193
003 - IDENTIFICADOR DE NÚMERO DE CONTROL
campo de control ES-MaACL
005 - FECHA Y HORA DE LA ÚLTIMA TRANSACCIÓN
campo de control 20250822040307.0
008 - DATOS DE LONGITUD FIJA--INFORMACIÓN GENERAL
campo de control de longitud fija 101013s1968 sp |||| | spa d
080 ## - NÚMERO DE LA CLASIFICACIÓN DECIMAL UNIVERSAL
Número de la Clasificación Decimal Universal 159.942
080 ## - NÚMERO DE LA CLASIFICACIÓN DECIMAL UNIVERSAL
Número de la Clasificación Decimal Universal 615.851
100 0# - ENTRADA PRINCIPAL--NOMBRE DE PERSONA
Nombre de persona Condrau, Gion.
9 (RLIN) 143584
245 10 - MENCIÓN DEL TÍTULO
Título Angustia y culpa
Resto del título : problemas fundamentales de la psicoterapia /
Mención de responsabilidad, etc. Gion Condrau ; versión española de Mariano Marín Casero.
260 ## - PUBLICACIÓN, DISTRIBUCIÓN, ETC.
Lugar de publicación, distribución, etc. Madrid :
Nombre del editor, distribuidor, etc. Gredos,
Fecha de publicación, distribución, etc. [1968]
300 ## - DESCRIPCIÓN FÍSICA
Extensión 171 p. ;
Dimensiones 24 cm.
490 1# - MENCIÓN DE SERIE
Mención de serie Biblioteca de psicología y psicoterapia ;
Designación de volumen o secuencia 11
650 04 - PUNTO DE ACCESO ADICIONAL DE MATERIA--TÉRMINO DE MATERIA
Término de materia o nombre geográfico como elemento de entrada Ansiedad.
9 (RLIN) 154650
650 #4 - PUNTO DE ACCESO ADICIONAL DE MATERIA--TÉRMINO DE MATERIA
Término de materia o nombre geográfico como elemento de entrada Culpa.
9 (RLIN) 143585
650 04 - PUNTO DE ACCESO ADICIONAL DE MATERIA--TÉRMINO DE MATERIA
Término de materia o nombre geográfico como elemento de entrada Psicoterapia.
9 (RLIN) 16579
700 1# - ENTRADA AGREGADA--NOMBRE PERSONAL
Nombre de persona Marín Casero, Mariano.
9 (RLIN) 76778
830 10 - PUNTO DE ACCESO ADICIONAL DE SERIE-TÍTULO UNIFORME
Título uniforme Biblioteca de psicología y psicoterapia
Designación de volumen o secuencia 11
9 (RLIN) 189553
852 ## - LOCALIZACIÓN
Ubicación ES-MaACL
Número de control de estantería E-13366
Encuadernación Olim P-527-Ter
Holdings
Estatus retirado Estado de pérdida Estado de daño No para préstamo Biblioteca de origen Biblioteca actual Ubicación en estantería Fecha de adquisición Fuente de adquisición Total de préstamos Signatura topográfica completa Código de barras Visto por última vez Precio de reemplazo Tipo de ítem Koha
        Biblioteca del Ateneo de Madrid Biblioteca del Ateneo de Madrid Depósito 2 13/10/2010     E-13366 1183955 23/02/2023 23/02/2023 Libro impreso